ბათუმის შოთა რუსთაველის სახელმწიფო უნივერსიტეტის ბიბლიოთეკა

პოეზიის მერიდიანები (ბიბ.ჩანაწერი № 50631)

000 -LEADER
fixed length control field 00803nam a2200205Ia 4500
001 - CONTROL NUMBER
control field 17581
003 - CONTROL NUMBER IDENTIFIER
control field GE_BSU
008 - FIXED-LENGTH DATA ELEMENTS--GENERAL INFORMATION
fixed length control field 181216s||||||||xx |||||||||||||| ||und||
040 ## - CATALOGING SOURCE
Transcribing agency GE_BSU
080 ## - UNIVERSAL DECIMAL CLASSIFICATION NUMBER
Universal Decimal Classification number 821(47+57)-1
245 ## - TITLE STATEMENT
Title პოეზიის მერიდიანები
245 ## - TITLE STATEMENT
Remainder of title საბჭოთა პოეტების ლექსები
245 ## - TITLE STATEMENT
Statement of responsibility, etc. კრებული შეადგინა და თარგმნა შ. ნიშნიანიძემ;რედ.: გ.ბეწუკელი;მხატვ.:ნ. სულიმანაშვილი
260 ## - PUBLICATION, DISTRIBUTION, ETC.
Place of publication, distribution, etc. თბილისი
260 ## - PUBLICATION, DISTRIBUTION, ETC.
Name of publisher, distributor, etc. საბჭ.საქართველო
260 ## - PUBLICATION, DISTRIBUTION, ETC.
Date of publication, distribution, etc. 1981
300 ## - PHYSICAL DESCRIPTION
Extent 322გვ. ; 16სმ.
653 ## - INDEX TERM--UNCONTROLLED
Uncontrolled term ლექსები
942 ## - ADDED ENTRY ELEMENTS (KOHA)
Koha item type წიგნი
ეგზემპლარები
Withdrawn status Lost status Damaged status Not for loan Date acquired Barcode Date last seen Price effective from Koha item type Public note
        2018-12-17 22352 2018-12-17 2018-12-17 წიგნი აგრარული ტექ.ფაკ.